K-pop: TWICE Members - Text - Statistics

General Stats
  • This quiz has been taken 16 times
  • The average score is 8 of 9
Answer Stats
Answer % Correct
Momo
100%
Nayeon
100%
Mina
92%
Sana
92%
Tzuyu
92%
Jeongyeon
85%
Chaeyoung
77%
Dahyun
77%
Jihyo
77%
No matching quizzes found
Score Distribution
Percent of People with Each Score
Percentile by Number Answered
Your Score History
You have not taken this quiz